| 000 | 00727nam a2200217 a 4500 | ||
|---|---|---|---|
| 005 | 20240807063743.0 | ||
| 008 | 160819s2014 es r 000 0 spa d | ||
| 020 | _a9788427720237 | ||
| 035 | _aUPN01000212460 | ||
| 049 | _aCG | ||
| 050 | 4 |
_aQA43 _bB5.3 |
|
| 100 | 1 |
_aBird, Ronit _939394 |
|
| 245 | 1 | 0 |
_aCálculo matemático : _b100 puzles y juegos para sumar, restar, multiplicar y dividir / _cRonit Bird ; tr. Susana Rivas Lorenzo. |
| 260 |
_aMadrid : _bNarcea, _c2014. |
||
| 300 |
_a223 p. : _bil. |
||
| 440 | 0 | _aHerramientas Narcea | |
| 534 |
_pTitulo original: _tThe dyscalculia : resource book : games and puzzles |
||
| 650 | 4 |
_aMatemáticas _vProblemas, ejercicios, etc. _93580 |
|
| 905 | _aLibro | ||
| 999 |
_c184560 _d184560 |
||